¿ Coeducación ? mejor, modelos diferenciados (Record no. 142033)

MARC details
000 -CABECERA
campo de control de longitud fija 00545nab a2200193 a 4500
005 - FECHA Y HORA DE LA ÚLTIMA TRANSACCIÓN
campo de control 20210219160647.0
008 - ELEMENTOS DE LONGITUD FIJA--INFORMACIÓN GENERAL
campo de control de longitud fija 991125s1985 mx 000 0 spa u
035 ## - NÚMERO DE CONTROL DEL SISTEMA
Número de control de sistema UPN01000169927
100 1# - ASIENTO PRINCIPAL--NOMBRE PERSONAL
Nombre de persona Peiro I. Gregori, Salvador, 1947-
222 ## - TÍTULO CLAVE
Título clave REVISTA PANAMERICANA DE PEDAGOGIA
245 ## - MENCIÓN DE TÍTULO
Título ¿ Coeducación ? mejor, modelos diferenciados
260 ## - PUBLICACIÓN, DISTRIBUCIÓN, ETC.
Lugar de publicación, distribución, etc. México
300 ## - DESCRIPCIÓN FÍSICA
Extensión 93-134
362 0# - FECHAS DE PUBLICACIÓN Y/O DESIGNACIÓN SECUENCIAL
Fecha de publicación y/o designación secuencial 2007 Nueva época, no. 11
653 0# - TERMINO DE INDIZACION - NO CONTROLADO
Término no controlado VIOLENCIA ESCOLAR
653 0# - TERMINO DE INDIZACION - NO CONTROLADO
Término no controlado RENDIMIENTO ESCOLAR
653 0# - TERMINO DE INDIZACION - NO CONTROLADO
Término no controlado COEDUCACION
905 ## - TIPO DE MATERIAL
Tipo de material Articulo

No items available.